000 00449nam a2200145Ia 4500
003 OSt
005 20260119100300.0
008 211028s2013 xx 000 0 und d
040 _cAIMIT LIBRARY
041 _aeng
100 _aKarikatti, Mahesh; Kairanna, Sneha
_g1116080
_97024
245 _aStudy on customer satisfaction regarding service provided by mandovi motors Mangalore /
260 _aMangalore
_bSneha Kaairanna
_c2013
942 _2ddc
_cPRO
999 _c218594
_d218594